[Event "30th NATO Chess Championship"]
[Site "Berlin"]
[Date "2019.09.16"]
[Round "1.49"]
[White "Vael, Steve"]
[Black "Cirkvencic, Franci"]
[Result "1-0"]
[WhiteElo "1602"]
[BlackElo "2008"]
[PlyCount "105"]
[EventDate "2019.09.16"]
[EventType "team-tourn"]
[EventRounds "7"]
[EventCountry "GER"]
[WhiteTeam "LUX"]
[BlackTeam "SLO"]

1. d4 Nf6 2. c4 e6 3. a3 b6 4. Nc3 Bb7 5. Bg5 Be7 6. e3 O-O 7. Nf3 d5 8. Bd3
Ne4 9. Bxe7 Qxe7 10. O-O Nd7 11. Rc1 c5 12. Re1 f5 13. cxd5 exd5 14. Bxe4 fxe4
15. Nd2 cxd4 16. exd4 Qf6 17. Rf1 Qxd4 18. Nb3 Qxd1 19. Rfxd1 Nf6 20. Nb5 a5
21. N3d4 Rab8 22. Nd6 Rfd8 23. N4f5 g6 24. Nh6+ Kg7 25. Rc7+ Rd7 26. Rxd7+ Nxd7
27. Ng4 h5 28. Ne3 Nf6 29. Nxb7 Rxb7 30. Nxd5 Nxd5 31. Rxd5 Rc7 32. Kf1 Rc1+
33. Ke2 Rc2+ 34. Rd2 Rxd2+ 35. Kxd2 Kf6 36. a4 g5 37. Kc3 Ke5 38. Kc4 e3 39.
fxe3 Ke4 40. Kb5 Kxe3 41. Kxb6 Kf2 42. Kxa5 Kxg2 43. b4 Kxh2 44. b5 g4 45. b6
g3 46. b7 g2 47. b8=Q+ Kh1 48. Qb7 Kh2 49. Qc7+ Kh1 50. Qc6 h4 51. Qh6 g1=Q 52.
Qxh4+ Kg2 53. Qg4+ 1-0

[Event "30th NATO Chess Championship"]
[Site "Berlin"]
[Date "2019.09.16"]
[Round "1.50"]
[White "Balmaceda, Enrico"]
[Black "Abbate, Giovanni"]
[Result "0-1"]
[WhiteElo "2006"]
[BlackElo "1600"]
[PlyCount "78"]
[EventDate "2019.09.16"]
[EventType "team-tourn"]
[EventRounds "7"]
[EventCountry "GER"]
[WhiteTeam "USA"]
[BlackTeam "ITA"]

1. Nf3 g6 2. c4 d6 3. g3 Bg7 4. Bg2 c6 5. O-O Nf6 6. Nc3 O-O 7. d4 Nbd7 8. b3
a6 9. Bb2 Nb6 10. e4 Qc7 11. Qc2 Bg4 12. h3 Bxf3 13. Bxf3 Rad8 14. Rad1 Rfe8
15. Bg2 e6 16. a4 d5 17. e5 Nfd7 18. c5 Nc8 19. b4 Na7 20. Qe2 Rb8 21. b5 axb5
22. axb5 b6 23. bxc6 Qxc6 24. Ra1 Rb7 25. cxb6 Nxb6 26. Ra6 Qc7 27. Rfa1 Nc4
28. Bc1 Nc6 29. Qd1 Reb8 30. Kh2 Rb3 31. Nxd5 exd5 32. Bxd5 N6xe5 33. dxe5 Bxe5
34. Bxc4 Qxc4 35. Be3 Bxa1 36. Rxa1 Qe4 37. Rc1 Rd3 38. Qh1 Rxe3 39. fxe3 Rb2+
0-1

[Event "30th NATO Chess Championship"]
[Site "Berlin"]
[Date "2019.09.16"]
[Round "1.51"]
[White "Gaiducis, Sergejus"]
[Black "Tucker, David Sidney"]
[Result "0-1"]
[WhiteElo "1590"]
[BlackElo "1997"]
[PlyCount "60"]
[EventDate "2019.09.16"]
[EventType "team-tourn"]
[EventRounds "7"]
[EventCountry "GER"]
[WhiteTeam "LTU"]
[BlackTeam "ENG"]

1. e4 c5 2. Nf3 Nc6 3. d4 cxd4 4. Nxd4 g6 5. Nxc6 bxc6 6. Nc3 Bg7 7. Bd2 Qc7 8.
Bd3 Nf6 9. O-O O-O 10. Rb1 d6 11. h3 Bd7 12. Bf4 e5 13. Be3 d5 14. Bg5 d4 15.
Ne2 c5 16. f4 c4 17. fxe5 cxd3 18. cxd3 Qxe5 19. Bf4 Qh5 20. Nxd4 Qxd1 21.
Rbxd1 Nd5 22. Nb3 Nxf4 23. Rxf4 Rab8 24. Nc5 Bd4+ 25. Kf1 Bxc5 26. b3 Bd4 27.
Ke2 Rbc8 28. Rd2 Bc3 29. Rc2 Be5 30. Rxc8 Rxc8 0-1

[Event "30th NATO Chess Championship"]
[Site "Berlin"]
[Date "2019.09.16"]
[Round "1.52"]
[White "Farrell, John F"]
[Black "Ross, David"]
[Result "1-0"]
[WhiteElo "1985"]
[BlackElo "1599"]
[PlyCount "55"]
[EventDate "2019.09.16"]
[EventType "team-tourn"]
[EventRounds "7"]
[EventCountry "GER"]
[WhiteTeam "USA"]
[BlackTeam "ENG"]

1. c4 e5 2. g3 Nc6 3. Bg2 g6 4. Nc3 Bg7 5. Nf3 d6 6. O-O h6 7. d3 Be6 8. Bd2
Qd7 9. Rb1 Bh3 10. b4 Bxg2 11. Kxg2 Nge7 12. Nd5 Nd8 13. b5 O-O 14. Bxh6 Nxd5
15. Bxg7 Kxg7 16. cxd5 Rh8 17. h4 f5 18. Ng5 f4 19. e3 c6 20. bxc6 bxc6 21.
dxc6 Qxc6+ 22. Qf3 Rc8 23. Qxc6 Rxc6 24. Rfc1 Ra6 25. Rc7+ Kh6 26. Rb8 Rc6 27.
Rxc6 Nxc6 28. Rxh8+ 1-0

[Event "30th NATO Chess Championship"]
[Site "Berlin"]
[Date "2019.09.16"]
[Round "1.53"]
[White "Sass, Andrew"]
[Black "Almonti, Alessandro"]
[Result "0-1"]
[WhiteElo "1551"]
[BlackElo "1976"]
[PlyCount "54"]
[EventDate "2019.09.16"]
[EventType "team-tourn"]
[EventRounds "7"]
[EventCountry "GER"]
[WhiteTeam "CAN"]
[BlackTeam "ITA"]

1. c4 e5 2. Nc3 Nc6 3. e3 g6 4. Nf3 Bg7 5. g3 Nge7 6. Bg2 O-O 7. O-O d6 8. d4
Bg4 9. Qd2 Bxf3 10. Bxf3 exd4 11. Nd5 Ne5 12. Nxe7+ Qxe7 13. Be2 dxe3 14. Qxe3
Qd7 15. Bd2 Rfe8 16. Qb3 Nc6 17. Be3 Rab8 18. Kg2 Bd4 19. Bf3 Bxe3 20. fxe3 Ne5
21. Rad1 Qe7 22. Rd4 Kg7 23. Rf4 Rf8 24. Qc3 f6 25. Be2 Rbe8 26. Re4 Qd7 27. b3
Qc6 0-1

[Event "30th NATO Chess Championship"]
[Site "Berlin"]
[Date "2019.09.16"]
[Round "1.54"]
[White "Randall, Gordon"]
[Black "Steen, Kris"]
[Result "1/2-1/2"]
[WhiteElo "1975"]
[BlackElo "1526"]
[PlyCount "79"]
[EventDate "2019.09.16"]
[EventType "team-tourn"]
[EventRounds "7"]
[EventCountry "GER"]
[WhiteTeam "USA"]
[BlackTeam "BEL"]

1. d4 Nf6 2. c4 c5 3. d5 e6 4. Nc3 exd5 5. cxd5 d6 6. Nf3 g6 7. Bf4 a6 8. a4
Bg7 9. h3 O-O 10. e3 Re8 11. Nd2 Nbd7 12. Be2 Ne5 13. O-O b6 14. Bg3 Qc7 15. f4
Ned7 16. e4 Bb7 17. Re1 h6 18. Bc4 Nh5 19. Bh2 Bd4+ 20. Kf1 f6 21. Qg4 Nf8 22.
Qh4 Kh7 23. f5 Ng7 24. fxg6+ Nxg6 25. Qg4 Rf8 26. Bd3 Ne5 27. Bxe5 fxe5+ 28.
Nf3 Rf4 29. Qg3 Nh5 30. Qh2 Rg8 31. Ke2 c4 32. Bc2 Qc5 33. g4 Rgf8 34. Rf1 Bxc3
35. bxc3 Qa5 36. Ra3 Qc5 37. Raa1 Qa5 38. Ra3 Qc5 39. Raa1 Qa5 40. Ra3 1/2-1/2

[Event "30th NATO Chess Championship"]
[Site "Berlin"]
[Date "2019.09.16"]
[Round "1.55"]
[White "Murray, Brian"]
[Black "Hater, David"]
[Result "0-1"]
[WhiteElo "1491"]
[BlackElo "1973"]
[PlyCount "110"]
[EventDate "2019.09.16"]
[EventType "team-tourn"]
[EventRounds "7"]
[EventCountry "GER"]
[WhiteTeam "CAN"]
[BlackTeam "USA"]

1. e4 e5 2. Nf3 Nc6 3. c3 Nf6 4. d3 d5 5. Nbd2 Be7 6. Be2 O-O 7. O-O Re8 8. b4
a6 9. a4 Bf8 10. Bb2 Bg4 11. h3 Bh5 12. Re1 Qd7 13. Qb1 Rad8 14. b5 Na5 15. d4
dxe4 16. Nxe4 Nxe4 17. Nxe5 Qf5 18. f3 Ng3 19. Bd3 Qf6 20. Bxh7+ Kh8 21. Be4
Nb3 22. Bxb7 Nxa1 23. bxa6 Nb3 24. Nd7 Rxe1+ 25. Qxe1 Rxd7 26. a7 Rd8 27. Qxg3
Bd6 28. Qe1 Qf4 29. g3 Qxg3+ 30. Qxg3 Bxg3 31. a8=Q Rxa8 32. Bxa8 Na5 33. Bc1
Be1 34. Bf4 Bxc3 35. Bxc7 Bxd4+ 36. Kg2 Bc3 37. Bd5 f6 38. f4 Be8 39. Bxa5 Bxa5
40. Bb3 Kh7 41. Bc2+ Kh6 42. Kg3 Bc6 43. f5 Be1+ 44. Kg4 Bd2 45. h4 Bd7 46. h5
Be8 47. Kh4 Be1+ 48. Kg4 Bxh5+ 49. Kf4 Be8 50. Kg4 Bd7 51. Kf3 Kg5 52. Ke2 Ba5
53. Kf3 Bxf5 54. Bb3 Bd7 55. Bc2 Bb6 0-1

[Event "30th NATO Chess Championship"]
[Site "Berlin"]
[Date "2019.09.16"]
[Round "1.56"]
[White "Steffers, Hendrik"]
[Black "Ghiacy, Jelani"]
[Result "1-0"]
[WhiteElo "1965"]
[BlackElo "1238"]
[PlyCount "59"]
[EventDate "2019.09.16"]
[EventType "team-tourn"]
[EventRounds "7"]
[EventCountry "GER"]
[WhiteTeam "NED"]
[BlackTeam "CAN"]

1. d4 d5 2. Nf3 Nf6 3. e3 h6 4. Be2 g5 5. b3 e6 6. Bb2 Ne4 7. c3 Bd6 8. Nbd2
Nxd2 9. Qxd2 Nd7 10. Rc1 Nf6 11. Qc2 Ne4 12. Nd2 Nxd2 13. Qxd2 c6 14. O-O Qc7
15. g3 Bd7 16. c4 O-O-O 17. c5 Be7 18. b4 Kb8 19. a4 b6 20. b5 Ka8 21. cxb6
axb6 22. bxc6 Bxc6 23. Bb5 Qd6 24. Rxc6 Qb8 25. a5 Rd6 26. axb6 Kb7 27. Rfc1
Rhd8 28. Qa5 Qa8 29. Rc7+ Kb8 30. Ra7 1-0

[Event "30th NATO Chess Championship"]
[Site "Berlin"]
[Date "2019.09.16"]
[Round "1.57"]
[White "Landry-Girard, Simon"]
[Black "Violini, Paolo"]
[Result "0-1"]
[WhiteElo "1096"]
[BlackElo "1963"]
[PlyCount "86"]
[EventDate "2019.09.16"]
[EventType "team-tourn"]
[EventRounds "7"]
[EventCountry "GER"]
[WhiteTeam "CAN"]
[BlackTeam "ITA"]

1. e4 e6 2. Nf3 d5 3. Bd3 dxe4 4. Bxe4 Nf6 5. Bd3 Bc5 6. Nc3 Nc6 7. Ne4 Nxe4 8.
Bxe4 Qd6 9. c3 e5 10. O-O Bg4 11. Bxc6+ bxc6 12. Re1 O-O 13. Re4 f5 14. Re1 Kh8
15. Qb3 Bxf3 16. gxf3 Qg6+ 17. Kf1 Qh5 18. Qc4 Bb6 19. Qxc6 Qh4 20. Ke2 Qxf2+
21. Kd1 Qxh2 22. Re2 Qg3 23. Qd5 Rae8 24. d3 Rd8 25. Qxe5 Rxd3+ 26. Kc2 Qxe5
27. Rxe5 Rxf3 28. Bg5 h6 29. Be7 Rf7 30. Rd1 Re3 31. Rxe3 Bxe3 32. Rd8+ Kh7 33.
Re8 f4 34. Bd8 f3 35. Rxe3 f2 36. Re7 Rxe7 37. Bxe7 f1=Q 38. Bc5 Qe2+ 39. Kb3
Qb5+ 40. Kc2 Qxc5 41. b4 Qc4 42. a4 h5 43. a5 h4 0-1

[Event "30th NATO Chess Championship"]
[Site "Berlin"]
[Date "2019.09.17"]
[Round "2.1"]
[White "Pavlidis, Anastasios"]
[Black "Mestek, Igor"]
[Result "1-0"]
[WhiteElo "2338"]
[BlackElo "2087"]
[PlyCount "69"]
[EventDate "2019.09.16"]
[EventType "team-tourn"]
[EventRounds "7"]
[EventCountry "GER"]

1. Nf3 c5 2. g3 b5 3. Bg2 Bb7 4. O-O Nf6 5. b3 d6 6. Bb2 Nbd7 7. d3 g6 8. Nbd2
Bg7 9. e4 O-O 10. c3 a6 11. Qe2 e5 12. Rfd1 Re8 13. Nf1 Qc7 14. Ne3 d5 15. Nd2
Nb6 16. a4 d4 17. cxd4 exd4 18. a5 dxe3 19. axb6 Qxb6 20. fxe3 Nd7 21. Bxg7
Kxg7 22. Rf1 Ne5 23. Nf3 Rad8 24. Nxe5 Rxe5 25. Qb2 f6 26. Rad1 Re7 27. Rf4 g5
28. Rf5 Kg6 29. Rdf1 Rd6 30. h4 h6 31. h5+ Kg7 32. e5 Rxe5 33. Rxe5 Bxg2 34.
Kxg2 fxe5 35. Qxe5+ 1-0

[Event "30th NATO Chess Championship"]
[Site "Berlin"]
[Date "2019.09.17"]
[Round "2.2"]
[White "Tocco, Paolo"]
[Black "Helbig, Mark"]
[Result "0-1"]
[WhiteElo "2089"]
[BlackElo "2332"]
[PlyCount "42"]
[EventDate "2019.09.16"]
[EventType "team-tourn"]
[EventRounds "7"]
[EventCountry "GER"]

1. f4 d5 2. Nf3 g6 3. g3 Bg7 4. Bg2 c6 5. d3 Qb6 6. c3 Nf6 7. e3 Nbd7 8. Qe2
O-O 9. e4 dxe4 10. dxe4 e5 11. Na3 exf4 12. Nc4 Qa6 13. e5 Re8 14. gxf4 Nd5 15.
Nd6 Qxe2+ 16. Kxe2 Re7 17. c4 Nc7 18. b3 f6 19. Ba3 c5 20. Bh3 Ne6 21. Rad1
Nxf4+ 0-1

[Event "30th NATO Chess Championship"]
[Site "Berlin"]
[Date "2019.09.17"]
[Round "2.3"]
[White "Hof - Van Run, Rieke"]
[Black "Binder, Tamas"]
[Result "0-1"]
[WhiteElo "2076"]
[BlackElo "2261"]
[PlyCount "78"]
[EventDate "2019.09.16"]
[EventType "team-tourn"]
[EventRounds "7"]
[EventCountry "GER"]
[WhiteClock "0:29:59"]
[BlackClock "1:19:20"]

1. e4 c6 2. d4 d5 3. exd5 cxd5 4. Bd3 Nf6 5. c3 e6 6. Bf4 Bd6 7. Bg5 Qb6 8. Qc2
h6 9. Bh4 Bd7 10. Nd2 Bb5 11. Bxb5+ Qxb5 12. Bg3 Bxg3 13. hxg3 Qa6 14. Ne2 Nbd7
15. Nf4 O-O 16. Nd3 Rac8 17. O-O Qd6 18. Rfe1 Qc7 19. Qd1 a5 20. a4 Qc6 21. Qb3
Rfd8 22. Re2 Qa6 23. Re3 Ng4 24. Rf3 f5 25. Re1 Qc6 26. Nf1 b6 27. Nh2 Ngf6 28.
Rfe3 Re8 29. Nf3 Nf8 30. Nfe5 Qd6 31. Qd1 g5 32. Qf3 Rc7 33. g4 f4 34. Nxf4
gxf4 35. Qxf4 Ne4 36. Rh3 Rh7 37. Ree3 Qe7 38. Rxh6 Rxh6 39. Qxh6 Qg5 $138 0-1

[Event "30th NATO Chess Championship"]
[Site "Berlin"]
[Date "2019.09.17"]
[Round "2.6"]
[White "Oltean, Gusztav"]
[Black "Wantiez, Fabrice"]
[Result "1-0"]
[WhiteElo "2053"]
[BlackElo "2225"]
[PlyCount "81"]
[EventDate "2019.09.16"]
[EventType "team-tourn"]
[EventRounds "7"]
[EventCountry "GER"]

1. d4 Nf6 2. Nf3 g6 3. Nbd2 Bg7 4. e3 O-O 5. b3 d6 6. Bb2 e5 7. dxe5 Ng4 8. h3
Nxe5 9. Nxe5 dxe5 10. g3 Nc6 11. Bg2 Bf5 12. O-O Qd7 13. Kh2 Rfd8 14. Ne4 Bxe4
15. Bxe4 f5 16. Qxd7 Rxd7 17. Bxc6 bxc6 18. Rfd1 Rad8 19. Rxd7 Rxd7 20. Kg2 Rd2
21. Rc1 e4 22. Bxg7 Kxg7 23. Kf1 Kf6 24. Ke1 Rd5 25. c4 Rd6 26. Rd1 Ke5 27.
Rxd6 cxd6 28. Kd2 a5 29. Kc3 c5 30. Kb2 d5 31. cxd5 Kxd5 32. Kc3 g5 33. h4 h6
34. h5 Kc6 35. Kc4 Kb6 36. g4 fxg4 37. Kd5 Kb5 38. Kxe4 c4 39. bxc4+ Kxc4 40.
Kf5 a4 41. e4 1-0

[Event "30th NATO Chess Championship"]
[Site "Berlin"]
[Date "2019.09.17"]
[Round "2.8"]
[White "Marquardt, Christian"]
[Black "Pietruszewski, Marcin"]
[Result "1/2-1/2"]
[WhiteElo "2049"]
[BlackElo "2215"]
[PlyCount "46"]
[EventDate "2019.09.16"]
[EventType "team-tourn"]
[EventRounds "7"]
[EventCountry "GER"]

1. d4 Nf6 2. c4 e6 3. Nf3 c5 4. g3 cxd4 5. Nxd4 Bb4+ 6. Bd2 Be7 7. Bg2 O-O 8.
O-O a6 9. Nc3 d6 10. e4 Bd7 11. Qe2 Nc6 12. Be3 Rc8 13. Nxc6 Bxc6 14. Rac1 Qa5
15. Bd2 Qb6 16. Be3 Qa5 17. Bd2 Qb6 18. Be3 Qb4 19. Rc2 Rc7 20. Bd2 Qb6 21. Be3
Qb4 22. Bd2 Qb6 23. Be3 Qb4 1/2-1/2

[Event "30th NATO Chess Championship"]
[Site "Berlin"]
[Date "2019.09.17"]
[Round "2.9"]
[White "Fichtner, Ewald"]
[Black "Valeinis, Janis"]
[Result "1-0"]
[WhiteElo "2046"]
[BlackElo "2206"]
[PlyCount "103"]
[EventDate "2019.09.16"]
[EventType "team-tourn"]
[EventRounds "7"]
[EventCountry "GER"]

1. d4 d5 2. Bf4 Nf6 3. e3 c5 4. c3 Nc6 5. Nd2 Qb6 6. Qb3 c4 7. Qc2 Bg4 8. b3
cxb3 9. axb3 e6 10. Ngf3 Rc8 11. Qb2 Be7 12. h3 Bxf3 13. gxf3 Nh5 14. Bh2 g6
15. Be2 a6 16. O-O O-O 17. Rfb1 Qd8 18. c4 Bd6 19. f4 Qh4 20. Kg2 Nf6 21. Bg3
Qh6 22. c5 Bb8 23. b4 Ne7 24. b5 axb5 25. Qxb5 Nf5 26. Bg4 Rc7 27. Qe2 Nxg3 28.
fxg3 Nd7 29. Rb2 f5 30. Bf3 g5 31. Rab1 b6 32. cxb6 Rcc8 33. Qb5 Nf6 34. Be2
Kh8 35. Rh1 gxf4 36. exf4 Rc3 37. Rb3 Rc2 38. Qd3 Rc6 39. Qe3 Rg8 40. Kf2 Rc2
41. Bf3 Bd6 42. h4 e5 43. fxe5 Rxd2+ 44. Ke1 Qxe3+ 45. Rxe3 Bb4 46. exf6 Ra8
47. Re2 Ra1+ 48. Kf2 Rxe2+ 49. Kxe2 Ra6 50. b7 Ra2+ 51. Ke3 Bd6 52. Rc1 1-0

[Event "30th NATO Chess Championship"]
[Site "Berlin"]
[Date "2019.09.17"]
[Round "2.14"]
[White "Mouroutis, Konstantinos"]
[Black "Nilsson, Erik"]
[Result "1-0"]
[WhiteElo "2181"]
[BlackElo "2022"]
[PlyCount "67"]
[EventDate "2019.09.16"]
[EventType "team-tourn"]
[EventRounds "7"]
[EventCountry "GER"]

1. d4 d5 2. Bg5 f6 3. Bh4 Nh6 4. f3 c5 5. dxc5 e5 6. e4 Be6 7. exd5 Qxd5 8.
Qxd5 Bxd5 9. Nc3 Be6 10. Bf2 a6 11. O-O-O Nd7 12. Ne4 Rc8 13. Rd6 Ke7 14. Rd1
Nf7 15. b4 Bxa2 16. c4 Bb3 17. Rd3 Ba4 18. Nc3 Bc6 19. b5 axb5 20. cxb5 e4 21.
Rd2 Bxb5 22. Bxb5 Nxc5 23. Kb2 Nd6 24. Bxc5 Rxc5 25. Rxd6 Kxd6 26. Nxe4+ Kd5
27. Nxc5 Bxc5 28. Ne2 Be3 29. Bd3 g6 30. Rd1 Kc5 31. Be4 b5 32. Rd3 Bf2 33. Kb3
f5 34. Rd5+ 1-0

[Event "30th NATO Chess Championship"]
[Site "Berlin"]
[Date "2019.09.17"]
[Round "2.18"]
[White "Bohn, Ulrich"]
[Black "Farrell, John F"]
[Result "1-0"]
[WhiteElo "2157"]
[BlackElo "1985"]
[PlyCount "97"]
[EventDate "2019.09.16"]
[EventType "team-tourn"]
[EventRounds "7"]
[EventCountry "GER"]

1. d4 d5 2. Bf4 Nf6 3. e3 c5 4. c3 Nc6 5. Nd2 e6 6. Ngf3 Bd6 7. Bg3 O-O 8. Bd3
Qe7 9. Ne5 Qc7 10. f4 Ne8 11. Ndf3 f5 12. Bh4 Be7 13. Bxe7 Qxe7 14. Qe2 Nf6 15.
Rg1 Ne4 16. O-O-O Bd7 17. g4 Be8 18. gxf5 exf5 19. Bxe4 dxe4 20. Nxc6 Bxc6 21.
Ne5 cxd4 22. Qc4+ Kh8 23. Rg3 Be8 24. Qxd4 Qf6 25. Qc5 Rg8 26. Qc7 Qb6 27. Qe7
Qb5 28. Rdg1 g6 29. Rh3 Rg7 30. Qf8+ Rg8 31. Qf6+ Rg7 32. Rhg3 Qb6 33. Qf8+ Rg8
34. Qe7 Qd8 35. Qe6 Qb6 36. Qxb6 axb6 37. Kb1 Bc6 38. Rd1 Rad8 39. Nf7+ Kg7 40.
Nxd8 Kf6 41. Nxc6 bxc6 42. Rd6+ Ke7 43. Rxc6 Rb8 44. Rg1 Kd7 45. Rc4 b5 46.
Rd1+ Ke6 47. Rc6+ Ke7 48. Rc7+ Ke6 49. Rxh7 1-0

[Event "30th NATO Chess Championship"]
[Site "Berlin"]
[Date "2019.09.17"]
[Round "2.22"]
[White "Hansen, Stefan"]
[Black "Heran-Boily, Samuel"]
[Result "1-0"]
[WhiteElo "2120"]
[BlackElo "1933"]
[PlyCount "49"]
[EventDate "2019.09.16"]
[EventType "team-tourn"]
[EventRounds "7"]
[EventCountry "GER"]

1. d4 d5 2. Nf3 Bf5 3. e3 e6 4. Be2 Nc6 5. O-O Bd6 6. c4 dxc4 7. Bxc4 a6 8. Nc3
Nf6 9. a3 O-O 10. b4 Ne7 11. Bb2 c6 12. Qe2 Ned5 13. Rfd1 Qc7 14. Rac1 Rfe8 15.
h3 h6 16. Ba2 Rad8 17. Na4 Ne4 18. Nc5 a5 19. b5 Bxc5 20. dxc5 cxb5 21. Qxb5
Bg6 22. Bxd5 Rxd5 23. Qxe8+ Kh7 24. Rxd5 exd5 25. Qe5 1-0

[Event "30th NATO Chess Championship"]
[Site "Berlin"]
[Date "2019.09.17"]
[Round "2.23"]
[White "Pirs, Matjaz2"]
[Black "Keough, Robert W"]
[Result "1/2-1/2"]
[WhiteElo "1918"]
[BlackElo "2108"]
[PlyCount "124"]
[EventDate "2019.09.16"]
[EventType "team-tourn"]
[EventRounds "7"]
[EventCountry "GER"]

1. d4 Nf6 2. Nc3 d5 3. Bf4 c6 4. e3 Bf5 5. Bd3 Bxd3 6. cxd3 e6 7. Nf3 Be7 8.
Ne5 O-O 9. O-O Nbd7 10. h3 Rc8 11. Rc1 c5 12. Nxd7 Nxd7 13. dxc5 Bxc5 14. d4
Bb4 15. Qb3 Qe7 16. a3 Bxc3 17. Rxc3 Rxc3 18. Qxc3 g5 19. Bg3 Nb8 20. Bxb8 Rxb8
21. Rc1 Kg7 22. b4 Rd8 23. a4 Rd6 24. b5 a6 25. Qc5 axb5 26. axb5 Qd8 27. Ra1
b6 28. Qb4 Rd7 29. Rc1 Rc7 30. Rc6 Rxc6 31. bxc6 Qc7 32. Qa4 Kf6 33. g3 Ke7 34.
Qb4+ Kf6 35. Qa4 h5 36. Kg2 Ke7 37. Qb4+ Kf6 38. Qa4 Ke7 39. Qb4+ Ke8 40. Qa4
Kd8 41. Kf3 f5 42. Ke2 Qc8 43. Kd3 Kc7 44. f3 Qb8 45. g4 hxg4 46. hxg4 fxg4 47.
fxg4 b5 48. Qb4 Kxc6 49. Qc5+ Kd7 50. Kc3 Qc7 51. Kb4 Qg3 52. Qxb5+ Ke7 53. Qe2
e5 54. Kc5 e4 55. Kxd5 Qf3 56. Qd2 Qxg4 57. Qb4+ Kf7 58. Qb7+ Kg6 59. Qc6+ Kg7
60. Qc7+ Kg6 61. Qc6+ Kg7 62. Qc7+ Kg6 1/2-1/2

[Event "30th NATO Chess Championship"]
[Site "Berlin"]
[Date "2019.09.17"]
[Round "2.26"]
[White "Sycz, Dariusz"]
[Black "Vael, Steve"]
[Result "1-0"]
[WhiteElo "2215"]
[BlackElo "1602"]
[PlyCount "75"]
[EventDate "2019.09.16"]
[EventType "team-tourn"]
[EventRounds "7"]
[EventCountry "GER"]

1. d4 c6 2. Nf3 d5 3. c4 g6 4. Nc3 Nf6 5. e3 Bg7 6. Bd3 Bg4 7. h3 Bxf3 8. Qxf3
e6 9. O-O O-O 10. b3 Re8 11. Bb2 Na6 12. Rad1 Nc7 13. e4 Qe7 14. e5 Nd7 15. Qe2
a6 16. f4 Rad8 17. Nb1 Rb8 18. Ba3 Qd8 19. Bd6 Bf8 20. c5 Ra8 21. a4 f5 22. Nd2
Rc8 23. Nf3 Bh6 24. Qd2 Na8 25. g3 Nb8 26. b4 Qd7 27. Rb1 Bf8 28. b5 Nc7 29.
bxa6 Ncxa6 30. Rb6 Bxd6 31. exd6 Qg7 32. Rfb1 Nd7 33. Rxb7 Naxc5 34. dxc5 Rb8
35. Ne5 Rxb7 36. Rxb7 Qxe5 37. fxe5 Nxe5 38. Qb2 1-0

[Event "30th NATO Chess Championship"]
[Site "Berlin"]
[Date "2019.09.17"]
[Round "2.31"]
[White "Ivsek, Cveto"]
[Black "Randall, Gordon"]
[Result "0-1"]
[WhiteElo "1755"]
[BlackElo "1975"]
[PlyCount "82"]
[EventDate "2019.09.16"]
[EventType "team-tourn"]
[EventRounds "7"]
[EventCountry "GER"]
[WhiteTeam "SLO"]
[BlackTeam "USA"]

1. d4 Nf6 2. c4 c5 3. d5 e6 4. Nc3 exd5 5. cxd5 d6 6. e4 g6 7. Nf3 a6 8. a4 Bg4
9. h3 Bxf3 10. Qxf3 Bg7 11. Bd3 O-O 12. O-O Nbd7 13. Bf4 Ne8 14. g4 Qb6 15. Qe2
Ne5 16. a5 Qd8 17. Bg3 Rc8 18. f4 Nxd3 19. Qxd3 c4 20. Qd2 Rc5 21. Ne2 Nf6 22.
Qc2 Re8 23. Bh4 Qc7 24. Bxf6 Bxf6 25. Ra4 Rc8 26. Rc1 Rxa5 27. Rxc4 Qb6+ 28.
Kg2 Rxc4 29. Qxc4 Rc5 30. Qa2 Rxc1 31. Nxc1 Qe3 32. Qc4 Qxf4 33. b3 Be5 34. Nd3
Qg3+ 35. Kf1 Qxh3+ 36. Ke1 Bg3+ 37. Kd2 Qxg4 38. e5 Qg5+ 39. Kc2 Bxe5 40. Qc8+
Kg7 41. Nxe5 Qxe5 0-1

[Event "30th NATO Chess Championship"]
[Site "Berlin"]
[Date "2019.09.17"]
[Round "2.32"]
[White "Pedersen, Finn"]
[Black "Tremblay, Mario"]
[Result "1-0"]
[WhiteElo "2305"]
[BlackElo "1652"]
[PlyCount "39"]
[EventDate "2019.09.16"]
[EventType "team-tourn"]
[EventRounds "7"]
[EventCountry "GER"]
[WhiteTeam "DEN"]
[BlackTeam "CAN"]

1. Nf3 d5 2. d4 c5 3. e3 Nc6 4. Be2 Nf6 5. O-O Bf5 6. Nh4 Bg6 7. b3 e6 8. Nxg6
hxg6 9. Bb2 Bd6 10. g3 Qc7 11. dxc5 Bxc5 12. c4 O-O-O 13. cxd5 Rxd5 14. Qc1 Bd6
15. Nc3 Rdh5 16. Bxh5 Nxh5 17. Nb5 Qe7 18. Nxa7+ Kb8 19. Nxc6+ bxc6 20. Qxc6
1-0

[Event "30th NATO Chess Championship"]
[Site "Berlin"]
[Date "2019.09.17"]
[Round "2.33"]
[White "Ntalabiras, Spyros"]
[Black "Delfino, Luigi"]
[Result "0-1"]
[WhiteElo "1806"]
[BlackElo "2235"]
[PlyCount "88"]
[EventDate "2019.09.16"]
[EventType "team-tourn"]
[EventRounds "7"]
[EventCountry "GER"]
[WhiteTeam "GRE"]
[BlackTeam "ITA"]

1. e4 d6 2. d4 g6 3. c4 Nf6 4. Nc3 Bg7 5. Be2 O-O 6. Nf3 e5 7. O-O exd4 8. Nxd4
Re8 9. f3 c6 10. Rb1 a5 11. Be3 Nbd7 12. a3 Nc5 13. Qd2 a4 14. Rfd1 Nfd7 15.
Nxc6 bxc6 16. Qxd6 Qb6 17. Nd5 cxd5 18. Qxb6 Nxb6 19. Bxc5 Nxc4 20. Rxd5 Be6
21. Bxc4 Rac8 22. Bb5 Bxd5 23. Bxe8 Ba2 24. Bxa4 Bxb1 25. b4 Bb2 26. Bb3 Bxa3
27. e5 Bf5 28. Bd5 Rd8 29. Bd6 Bxb4 30. Bxf7+ Kxf7 31. Bxb4 Rd1+ 32. Kf2 Rb1
33. Bd6 Rb2+ 34. Kg3 Bd3 35. f4 Bf1 36. h4 Rxg2+ 37. Kf3 h5 38. Bc7 Ke6 39. Bd8
Kf5 40. Bg5 Rg4 41. Ke3 Ba6 42. Kd4 Bb7 43. Kc5 Rxg5 44. fxg5 Kxe5 0-1

[Event "30th NATO Chess Championship"]
[Site "Berlin"]
[Date "2019.09.17"]
[Round "2.34"]
[White "Sauer, Marko"]
[Black "Smit, Jan"]
[Result "1-0"]
[WhiteElo "2081"]
[BlackElo "1808"]
[PlyCount "77"]
[EventDate "2019.09.16"]
[EventType "team-tourn"]
[EventRounds "7"]
[EventCountry "GER"]
[WhiteTeam "GER"]
[BlackTeam "NED"]

1. e4 d6 2. d4 g6 3. Bc4 Bg7 4. f4 Nf6 5. Nc3 O-O 6. e5 dxe5 7. fxe5 Ne8 8. Ne4
c6 9. Nf3 Nc7 10. O-O b5 11. Be2 f5 12. exf6 exf6 13. c4 bxc4 14. Bxc4+ Be6 15.
Bxe6+ Nxe6 16. Re1 Kh8 17. Nc3 Nc7 18. Be3 Nd5 19. Bf2 Re8 20. Qa4 Nb6 21. Qb3
Na6 22. Rxe8+ Qxe8 23. Re1 Qd7 24. Qa3 Nc7 25. Ne4 Nb5 26. Qb3 Re8 27. a4 Nd6
28. Nc5 Rxe1+ 29. Nxe1 Qe7 30. a5 Nd5 31. Qb8+ Bf8 32. Ne6 Kg8 33. Nxf8 Qxf8
34. Qxa7 Qe7 35. Qa8+ Kf7 36. Qxc6 Nf4 37. Qc2 Ne2+ 38. Kf1 Nxd4 39. Bxd4 1-0

[Event "30th NATO Chess Championship"]
[Site "Berlin"]
[Date "2019.09.17"]
[Round "2.35"]
[White "Cirkvencic, Franci"]
[Black "Ivbulis, Martins"]
[Result "1-0"]
[WhiteElo "2008"]
[BlackElo "1795"]
[PlyCount "113"]
[EventDate "2019.09.16"]
[EventType "team-tourn"]
[EventRounds "7"]
[EventCountry "GER"]
[WhiteTeam "SLO"]
[BlackTeam "LAT"]

1. d4 d5 2. Nf3 Nf6 3. c4 e6 4. g3 Bb4+ 5. Bd2 Be7 6. Bg2 c6 7. Qc2 O-O 8. O-O
Nbd7 9. Rd1 Re8 10. b3 Ne4 11. Nc3 Nxc3 12. Bxc3 b6 13. Ne5 Nxe5 14. dxe5 Qc7
15. Bb2 dxc4 16. Qxc4 Bb7 17. Rd2 Red8 18. Rad1 Rxd2 19. Rxd2 a5 20. Be4 b5 21.
Qc2 g6 22. h4 c5 23. Bxb7 Qxb7 24. Qd1 Qe4 25. Rd7 Bf8 26. Kh2 a4 27. f3 Qb4
28. Rb7 Bh6 29. Qd7 Rf8 30. Qxb5 Qe1 31. f4 axb3 32. axb3 Qf2+ 33. Kh3 Rd8 34.
Rb8 Rxb8 35. Qxb8+ Bf8 36. Qb5 Qf1+ 37. Kh2 Qf2+ 38. Kh3 c4 39. Qxc4 Qf1+ 40.
Kh2 Qf2+ 41. Kh3 Qf1+ 42. Kh2 Qf2+ 43. Kh3 Bc5 44. Qe4 h5 45. Qf3 Qe1 46. Bc3
Qb1 47. Ba5 Kh7 48. b4 Bd4 49. Bd8 Qxb4 50. Bf6 Qb1 51. g4 hxg4+ 52. Kxg4 Qg1+
53. Kh3 Bf2 54. h5 Qf1+ 55. Qg2 Qxe2 56. hxg6+ fxg6 57. Qb7+ 1-0